000 01271cam a2200325 a 4500
001 16478508
005 20170105102908.0
008 100927s2011 nyu b 001 0 eng
010 _a 2010040862
020 _a9780230113176 (alk. paper)
040 _aDLC
_cDLC
_dDLC
042 _apcc
050 0 0 _aJZ6385
_b.J37 2011
082 0 0 _a303.6/6
_222
100 1 _aJasinski, Michael P.
245 1 0 _aSocial trust, anarchy, and international conflict /
_cMichael P. Jasinski.
250 _a1st ed.
260 _aNew York :
_bPalgrave Macmillan,
_cc2011.
300 _a200 p. ;
_c22 cm.
504 _aIncludes bibliographical references (p.173-194) and index.
505 0 _aDemocratic peace and diversionary war -- Anarchy, states, and nations -- Social trust and its origins -- Overcoming particularism -- The social trust theory of international conflict -- Research design -- Results -- The outbreak of World War I -- Analysis and conclusions.
650 0 _aWar.
650 0 _aWar
_xCauses.
650 0 _aTrust
_xSocial aspects.
650 0 _aPolitics and war.
650 0 _aState, The.
906 _a7
_bcbc
_corignew
_d1
_eecip
_f20
_gy-gencatlg
942 _2ddc
_cBK
999 _c14980
_d14980